| 000 | 00423nam a2200157 i 4500 | ||
|---|---|---|---|
| 001 | 31261 | ||
| 003 | ES-MaACL | ||
| 005 | 20230906154340.0 | ||
| 007 | t| | ||
| 008 | 030128s1975 sp ||||1| spa d | ||
| 100 | 1 |
_aBeinhauer, Werner. _927073 |
|
| 245 | 1 | 0 |
_aObsesión por lo humano / _cWerner Beinhauer. |
| 260 |
_aPiedrahita : _bSexifirmo, _c1975. |
||
| 300 |
_a116 p. ; _c16 cm. |
||
| 852 |
_aES-MaACL _jE-10112 _bR.94462 |
||
| 999 |
_c31261 _d31261 |
||